[Event "PRO League Group Stage"]
[Site "chess.com INT"]
[Date "2018.03.07"]
[Round "9"]
[White "Ramirez, Alejandro"]
[Black "Obregon, Andres Carlos"]
[Result "0-1"]
[WhiteTitle "GM"]
[BlackTitle "GM"]
[WhiteElo "2568"]
[BlackElo "2514"]
[WhiteTeam "Saint Louis Arch Bishops"]
[BlackTeam "Buenos Aires Krakens"]
[WhiteFideId "6500617"]
[BlackFideId "111724"]
[EventDate "2018.01.18"]

1. Nf3 Nf6 2. g3 d5 3. Bg2 c6 4. O-O Bg4 5. d4 e6 6. Nbd2 Be7 7. Re1 h6 8. e4
O-O 9. c3 a5 10. a4 Na6 11. h3 Bh5 12. e5 Nh7 13. Nf1 c5 14. g4 Bg6 15. Ng3 Rc8
16. Be3 b6 17. Bf1 Nb8 18. Bd3 Nc6 19. Kg2 Bxd3 20. Qxd3 cxd4 21. Bxd4 Ng5 22.
Nd2 Nxd4 23. Qxd4 Bc5 24. Qd3 f6 25. f4 fxe5 26. fxg5 Rf2+ 27. Kh1 Qxg5 28. Nde4
dxe4 29. Nxe4 Qh4 30. Nxf2 Bxf2 31. Re2 Bg3 32. Kg2 Bf4 33. Rd1 h5 34. Qf3 Rf8
35. gxh5 Rf5 36. Kh1 Rxh5 37. Rd3 Rf5 38. Qg4 Qf6 39. Rg2 Bh6 40. Rg1 Rf4 41.
Qg6 Qxg6 42. Rxg6 Kf7 43. Rg1 Rxa4 44. Rd7+ Kf6 45. Rf1+ Bf4 46. Rb7 Re4 47.
Rxb6 Re2 48. Rb5 a4 49. Rb4 a3 50. bxa3 g5 51. a4 Rh2+ 52. Kg1 Rxh3 53. Rc4 Kf5
54. Kg2 Rg3+ 55. Kf2 g4 56. a5 Rh3 57. Ke2 g3 58. Rg1 Rh2+ 59. Kd3 Ra2 60. Rc8
Rxa5 61. Rg8 Rd5+ 62. Kc2 Rd2+ 63. Kb3 e4 64. c4 e3 65. Rf8+ Ke4 66. c5 e2 67.
Re1 g2 68. Rg8 Kf3 69. c6 Kf2 70. Rc1 Rd3+ 71. Kc4 Bxc1 72. Kxd3 e1=Q 73. c7
Qe3+ 74. Kc2 Qd2+ 75. Kb3 Qb2+ 76. Ka4 Qc2+ 77. Kb5 Qxc7 0-1

[Event "PRO League Group Stage"]
[Site "chess.com INT"]
[Date "2018.03.07"]
[Round "9"]
[White "Travadon, Loic"]
[Black "Alekseenko, Kirill"]
[Result "0-1"]
[WhiteTitle "FM"]
[BlackTitle "GM"]
[WhiteElo "2351"]
[BlackElo "2594"]
[WhiteTeam "Cannes Blockbusters"]
[BlackTeam "Stockholm Snowballs"]
[WhiteFideId "26092131"]
[BlackFideId "4135539"]
[EventDate "2018.01.18"]

1. d4 d5 2. c4 dxc4 3. e4 Nf6 4. e5 Nd5 5. Bxc4 Nb6 6. Bb3 Nc6 7. Nf3 Bf5 8. d5
Nb4 9. Nc3 e6 10. Nd4 Nd3+ 11. Kf1 Qh4 12. Be3 Nxb2 13. Nxf5 exf5 14. Qe2 N2c4
15. Bxb6 Nxb6 16. Qb5+ Kd8 17. d6 cxd6 18. Bxf7 Qe7 19. e6 Rc8 20. Rc1 Rc5 21.
Qd3 Qc7 22. Ke2 Qc6 23. Rhd1 Qxg2 24. a4 Be7 25. a5 Re5+ 26. Kd2 Qxf2+ 27. Ne2
Bg5+ 28. Kc3 Re3 29. axb6 Ke7 30. bxa7 Rxd3+ 31. Rxd3 Rc8+ 32. Kb3 Qb6+ 33. Ka2
Bxc1 0-1

[Event "PRO League Group Stage"]
[Site "chess.com INT"]
[Date "2018.03.07"]
[Round "9"]
[White "Travadon, Loic"]
[Black "Agrest, Evgenij"]
[Result "0-1"]
[WhiteTitle "FM"]
[BlackTitle "GM"]
[WhiteElo "2351"]
[BlackElo "2584"]
[WhiteTeam "Cannes Blockbusters"]
[BlackTeam "Stockholm Snowballs"]
[WhiteFideId "26092131"]
[BlackFideId "1705024"]
[EventDate "2018.01.18"]

1. d4 d5 2. c4 c6 3. Nc3 Nf6 4. cxd5 cxd5 5. Bf4 Nc6 6. e3 a6 7. Bd3 Bg4 8. Nge2
e6 9. Rc1 Bd6 10. Bxd6 Qxd6 11. O-O O-O 12. f3 Bh5 13. Nf4 Bg6 14. Nxg6 hxg6 15.
f4 b5 16. Rf3 Rfc8 17. Rh3 Ne7 18. g4 b4 19. Ne2 Nxg4 20. Rxc8+ Rxc8 21. Nc1
Nxe3 22. Rxe3 Qxf4 23. Qd2 Qxd4 24. Nb3 Qb6 25. Kg2 a5 26. Qf2 a4 27. Nd2 Qd4
28. Nf3 Qg4+ 29. Qg3 Nf5 30. Bxf5 Qxg3+ 31. hxg3 gxf5 32. Nd4 g6 33. b3 axb3 34.
axb3 Kg7 35. Re2 Rc3 36. Rd2 Kf6 37. Nc2 Rxb3 38. Kf2 0-1

[Event "PRO League Group Stage"]
[Site "chess.com INT"]
[Date "2018.03.07"]
[Round "9"]
[White "Vachier-Lagrave, Maxime"]
[Black "Roberson, Peter T"]
[Result "1-0"]
[WhiteTitle "GM"]
[BlackTitle "IM"]
[WhiteElo "2793"]
[BlackElo "2412"]
[WhiteTeam "Marseille Migraines"]
[BlackTeam "London Towers"]
[WhiteFideId "623539"]
[BlackFideId "412384"]
[EventDate "2018.01.18"]

1. g3 e5 2. c4 d6 3. Bg2 f5 4. Nc3 Nf6 5. d4 Be7 6. e3 O-O 7. Nge2 c6 8. b4 e4
9. h4 d5 10. c5 b6 11. Rb1 a5 12. a3 Ba6 13. Nf4 axb4 14. axb4 Rf7 15. Bh3 Bc8
16. Bd2 g6 17. O-O Bf8 18. cxb6 Qxb6 19. b5 Rfa7 20. Qc2 Bd6 21. Ncxd5 Nxd5 22.
Nxd5 cxd5 23. Qxc8+ Kg7 24. Qe6 Ra2 25. Bb4 Bc7 26. Qe7+ Kh6 27. Qf8+ Kh5 28.
Qf7 h6 29. Bc5 1-0

[Event "PRO League Group Stage"]
[Site "chess.com INT"]
[Date "2018.03.07"]
[Round "9"]
[White "Vachier-Lagrave, Maxime"]
[Black "Jones, Gawain C B"]
[Result "1-0"]
[WhiteTitle "GM"]
[BlackTitle "GM"]
[WhiteElo "2793"]
[BlackElo "2640"]
[WhiteTeam "Marseille Migraines"]
[BlackTeam "London Towers"]
[WhiteFideId "623539"]
[BlackFideId "409561"]
[EventDate "2018.01.18"]

1. d4 d6 2. a4 Nf6 3. Nf3 Nc6 4. Nc3 Bf5 5. d5 Nb4 6. Nd4 Bg6 7. e4 a6 8. f3 c5
9. Nde2 e6 10. Nf4 exd5 11. Ncxd5 Nfxd5 12. Nxd5 Nxd5 13. Qxd5 Be7 14. Bc4 Bh4+
15. g3 Bf6 16. c3 Qc7 17. Bf4 Be5 18. O-O-O O-O 19. Bxe5 dxe5 20. Qd7 Qa5 21. h4
h5 22. Qxb7 Qxa4 23. Qb3 Qa5 24. Qa3 Qxa3 25. bxa3 Kh7 26. Rd6 f5 27. exf5 Bxf5
28. Re1 Rf6 29. Rd5 Be6 30. Bd3+ Bf5 31. Rexe5 Bxd3 32. Rxh5+ Kg6 33. Rhg5+ Kh6
34. Rxd3 c4 35. Re3 Rb8 36. Rc5 Rfb6 37. Rxc4 Rb1+ 38. Kc2 R8b2+ 39. Kd3 Rd1+
40. Ke4 Rb6 41. Rc5 Ra1 42. c4 Rc1 43. g4 Re6+ 44. Kf4 Rd6 45. Re8 Rd4+ 46. Kf5
g6+ 47. Kf6 Rd6+ 48. Re6 Rd4 49. Rh5+ gxh5 50. g5+ Kh7 51. Re7+ Kg8 52. Re8+ Kh7
53. g6+ Kh6 54. Rh8# 1-0

[Event "PRO League Group Stage"]
[Site "chess.com INT"]
[Date "2018.03.07"]
[Round "9"]
[White "Carlsen, Magnus"]
[Black "Boruchovsky, Avital"]
[Result "1-0"]
[WhiteTitle "GM"]
[BlackTitle "GM"]
[WhiteElo "2834"]
[BlackElo "2542"]
[WhiteTeam "Norway Gnomes"]
[BlackTeam "Estonia Horses"]
[WhiteFideId "1503014"]
[BlackFideId "2800055"]
[EventDate "2018.01.18"]

1. g3 d5 2. Bg2 Nf6 3. c4 e6 4. Nf3 Nbd7 5. Qc2 c5 6. cxd5 Nxd5 7. Nc3 Nb4 8.
Qd1 Be7 9. O-O O-O 10. d4 Nf6 11. a3 cxd4 12. axb4 dxc3 13. bxc3 Nd5 14. Qb3 Qc7
15. Bd2 Nb6 16. Bf4 Qc4 17. Qxc4 Nxc4 18. Nd2 Nb6 19. Be3 Nd5 20. Bxd5 exd5 21.
Bxa7 Bd7 22. Bd4 Bb5 23. Rfe1 f6 24. f3 Kf7 25. Kf2 Bd6 26. Nf1 h5 27. Ne3 Ke6
28. Red1 Bc7 29. Bc5 Rxa1 30. Rxa1 Rb8 31. Bd4 Ba6 32. f4 Rc8 33. f5+ Kd6 34.
Rg1 Kc6 35. h4 Re8 36. g4 hxg4 37. Rxg4 Re7 38. h5 b6 39. h6 gxh6 40. Rg6 Kb7
41. Rxf6 h5 42. Rh6 Rg7 43. Bxg7 1-0

[Event "PRO League Group Stage"]
[Site "chess.com INT"]
[Date "2018.03.07"]
[Round "9"]
[White "Carlsen, Magnus"]
[Black "Ehlvest, Jaan"]
[Result "1-0"]
[WhiteTitle "GM"]
[BlackTitle "GM"]
[WhiteElo "2834"]
[BlackElo "2536"]
[WhiteTeam "Norway Gnomes"]
[BlackTeam "Estonia Horses"]
[WhiteFideId "1503014"]
[BlackFideId "4500016"]
[EventDate "2018.01.18"]

1. e4 c5 2. b3 Nc6 3. Bb2 d6 4. Bb5 Bd7 5. f4 a6 6. Bxc6 Bxc6 7. Nc3 e6 8. Nf3
Nf6 9. Qe2 Be7 10. O-O-O O-O 11. d4 cxd4 12. Nxd4 Qc7 13. g4 Rfe8 14. g5 Nd7 15.
h4 b5 16. g6 hxg6 17. h5 Bf6 18. hxg6 fxg6 19. e5 Bxh1 20. exf6 Bb7 21. fxg7 Nc5
22. Ndxb5 axb5 23. Nxb5 Qe7 24. Nxd6 Red8 25. Be5 Rxd6 26. Rxd6 Rxa2 27. Qh2 Ra8
28. f5 Qg5+ 29. Kb2 Qxf5 30. Qh8+ Kf7 31. g8=Q+ Rxg8 32. Qh7+ 1-0

[Event "PRO League Group Stage"]
[Site "chess.com INT"]
[Date "2018.03.07"]
[Round "9"]
[White "Ehlvest, Jaan"]
[Black "Grandelius, Nils"]
[Result "1/2-1/2"]
[WhiteTitle "GM"]
[BlackTitle "GM"]
[WhiteElo "2536"]
[BlackElo "2647"]
[WhiteTeam "Estonia Horses"]
[BlackTeam "Norway Gnomes"]
[WhiteFideId "4500016"]
[BlackFideId "1710400"]
[EventDate "2018.01.18"]

1. g3 d5 2. Bg2 g6 3. c4 dxc4 4. Qa4+ Nd7 5. Qxc4 Bg7 6. Nf3 e5 7. O-O Ne7 8. d3
O-O 9. a3 h6 10. Nbd2 Nc6 11. Qc2 Nb6 12. Rb1 Nd4 13. Nxd4 exd4 14. Nf3 Re8 15.
Re1 Bd7 16. Bd2 Rc8 17. Rbc1 c5 18. Qb1 Qf6 19. Ba5 Nd5 20. Bd2 b5 21. Ng5 hxg5
22. Bxd5 Be6 23. Bb7 Rc7 24. Bg2 Bf5 25. Qa2 Rce7 26. Bf1 Re5 27. b4 Be6 28. Qb2
cxb4 29. axb4 Rf5 30. f3 Bd5 31. Rc5 a6 32. Qc1 Bf8 33. Rc8 Rxc8 34. Qxc8 Re5
35. Ra1 Re6 36. Rc1 Rc6 37. Rxc6 Qxc6 38. Qd8 f6 39. h4 gxh4 40. gxh4 Qd6 41.
Qe8 Bf7 42. Qe4 f5 43. Qa8 Kg7 44. Kg2 Be7 45. Bh6+ Kh7 46. Bg5 Bxg5 47. hxg5
Qe7 48. Qxa6 Qxg5+ 49. Kf2 Qh4+ 50. Kg2 Qg5+ 51. Kf2 Qh4+ 52. Kg2 1/2-1/2

[Event "PRO League Group Stage"]
[Site "chess.com INT"]
[Date "2018.03.07"]
[Round "9"]
[White "Ehlvest, Jaan"]
[Black "Predojevic, Borki"]
[Result "1/2-1/2"]
[WhiteTitle "GM"]
[BlackTitle "GM"]
[WhiteElo "2536"]
[BlackElo "2622"]
[WhiteTeam "Estonia Horses"]
[BlackTeam "Norway Gnomes"]
[WhiteFideId "4500016"]
[BlackFideId "930849"]
[EventDate "2018.01.18"]

1. g3 g6 2. Bg2 Bg7 3. c4 c5 4. Nc3 Nc6 5. a3 b6 6. d3 Bb7 7. Bd2 d6 8. b4 e6 9.
Rb1 Qd7 10. Nf3 Nge7 11. O-O O-O 12. Nb5 Rad8 13. Bf4 e5 14. Bd2 h6 15. e4 f5
16. Bh3 a6 17. Nc3 Nd4 18. bxc5 bxc5 19. Nxd4 cxd4 20. Nd5 Rb8 21. Rb4 a5 22.
Rb5 Bxd5 23. Rxb8 Rxb8 24. cxd5 Qb5 25. Qf3 Rf8 26. Rc1 Qb2 27. Rc7 Qxd2 28.
Rxe7 fxe4 29. Qxe4 Qxf2+ 30. Kh1 Kh7 31. Rb7 Rf3 32. Rb1 Re3 33. Rf1 Qxf1+ 34.
Bxf1 Rxe4 35. dxe4 Kg8 36. Kg2 h5 37. Kf3 Bh6 38. a4 Kf7 39. h3 Ke7 40. Bb5 Bd2
41. g4 h4 42. Ke2 Bb4 43. Kf3 Ba3 44. Bd3 Bc1 45. Bb5 Kd8 46. Ke2 Bb2 47. Kd3
Ba3 48. Ke2 Bb4 49. Kd3 Be1 50. Ke2 Bg3 51. Kd3 Bf4 52. Ke2 Ke7 53. Kd3 Kf6 54.
Ke2 Kg5 55. Kf3 Bd2 56. Bd3 Bb4 57. Bb5 Kf6 58. Bc4 g5 59. Bb5 Ke7 60. Ke2 Kd8
61. Kd3 Kc7 62. Kc4 1/2-1/2

[Event "PRO League Group Stage"]
[Site "chess.com INT"]
[Date "2018.03.07"]
[Round "9"]
[White "Manukian, Artak"]
[Black "Raja, Harshit"]
[Result "1-0"]
[BlackTitle "IM"]
[WhiteElo "2196"]
[BlackElo "2427"]
[WhiteTeam "Armenia Eagles"]
[BlackTeam "Mumbai Movers"]
[WhiteFideId "13301373"]
[BlackFideId "5089000"]
[EventDate "2018.01.18"]

1. e4 c5 2. Nf3 d6 3. Bb5+ Nd7 4. O-O a6 5. Bd3 Ngf6 6. c3 b5 7. a4 Bb7 8. axb5
axb5 9. Rxa8 Qxa8 10. Na3 Bxe4 11. Nxb5 Bxf3 12. Qxf3 Qxf3 13. gxf3 Nh5 14. Be4
g6 15. d4 Bg7 16. Bc6 cxd4 17. cxd4 Nf6 18. Re1 O-O 19. Bxd7 Nxd7 20. Rxe7 Rd8
21. Nxd6 Nb6 22. Re8+ Rxe8 23. Nxe8 Bxd4 24. Be3 Bxe3 25. fxe3 Nc4 26. b4 Nxe3
27. Nf6+ Kg7 28. Nd7 Nc4 29. b5 Nd6 30. b6 Nb7 31. Kf2 f6 32. Ke3 g5 33. Kd4 Kg6
34. Nc5 Na5 35. Kd5 Kf5 36. Nb3 Nxb3 37. b7 Nd2 38. b8=Q Nxf3 39. Qb1+ Kg4 40.
Qe4+ Kh3 41. Qxf3+ Kxh2 42. Ke4 h5 43. Qxh5+ Kg3 44. Kf5 1-0

[Event "PRO League Group Stage"]
[Site "chess.com INT"]
[Date "2018.03.07"]
[Round "9"]
[White "Manukian, Artak"]
[Black "Vidit, Santosh Gujrathi"]
[Result "0-1"]
[BlackTitle "GM"]
[WhiteElo "2196"]
[BlackElo "2718"]
[WhiteTeam "Armenia Eagles"]
[BlackTeam "Mumbai Movers"]
[WhiteFideId "13301373"]
[BlackFideId "5029465"]
[EventDate "2018.01.18"]

1. e4 c6 2. d4 d5 3. Nc3 dxe4 4. Nxe4 Nf6 5. Nxf6+ exf6 6. c3 Bd6 7. Bd3 O-O 8.
Qc2 Re8+ 9. Ne2 h5 10. Bd2 Nd7 11. O-O-O Nf8 12. Nf4 Bxf4 13. Bxf4 Qa5 14. a3
Be6 15. Rde1 b5 16. f3 Bd5 17. Bg3 Qb6 18. Rxe8 Rxe8 19. Re1 Rxe1+ 20. Bxe1 a5
21. Be4 Ne6 22. Bd2 Qc7 23. g3 Qd6 24. Qd3 a4 25. Qe2 g6 26. Bd3 Qd7 27. h3 Qd6
28. Qf2 Ng5 29. Bxg5 fxg5 30. Be4 h4 31. g4 Bxe4 32. fxe4 Qg3 33. Qf1 Qe3+ 34.
Kb1 Qxe4+ 35. Ka1 Kg7 36. Ka2 f5 37. gxf5 gxf5 38. Qg1 Kf6 39. Qh2 f4 40. Qd2 f3
41. c4 Qe2 0-1

[Event "PRO League Group Stage"]
[Site "chess.com INT"]
[Date "2018.03.07"]
[Round "9"]
[White "Maurizzi, Marc Andria"]
[Black "Roberson, Peter T"]
[Result "1-0"]
[WhiteTitle "CM"]
[BlackTitle "IM"]
[WhiteElo "2018"]
[BlackElo "2412"]
[WhiteTeam "Marseille Migraines"]
[BlackTeam "London Towers"]
[WhiteFideId "36083534"]
[BlackFideId "412384"]
[EventDate "2018.01.18"]

1. e4 d6 2. d4 Nf6 3. Nc3 c6 4. Nf3 g6 5. Bc4 d5 6. Bb3 Bg4 7. O-O Bg7 8. e5
Nfd7 9. h3 Bxf3 10. Qxf3 O-O 11. Qe2 e6 12. Bf4 c5 13. dxc5 Nc6 14. Nb5 Ndxe5
15. Nd6 b6 16. Be3 d4 17. Bf4 bxc5 18. Ne4 Qe7 19. Rfe1 Rac8 20. Rad1 h6 21. c3
d3 22. Rxd3 Nxd3 23. Qxd3 Rfd8 24. Qe2 Rd7 25. Ba4 e5 26. Be3 Rdc7 27. Bxc5 Qd8
28. Nd6 Rb8 29. Rd1 Qg5 30. Ne4 Qh4 31. Bd6 Rbc8 32. Bxc7 Rxc7 33. Qc4 Nd4 34.
Qxc7 Ne2+ 35. Kf1 Qxe4 36. Re1 Qxa4 37. Rxe2 Qxa2 38. Kg1 Kh7 39. c4 Qb1+ 40.
Kh2 Qf5 41. Qc6 h5 42. c5 Qf4+ 43. g3 Qc4 44. Rd2 e4 45. Qd5 Qb4 46. c6 Be5 47.
Re2 Bc7 48. Qxf7+ Kh6 49. Qxc7 Qc4 50. Qf4+ 1-0

[Event "PRO League Group Stage"]
[Site "chess.com INT"]
[Date "2018.03.07"]
[Round "9"]
[White "Maurizzi, Marc Andria"]
[Black "Jones, Gawain C B"]
[Result "0-1"]
[WhiteTitle "CM"]
[BlackTitle "GM"]
[WhiteElo "2018"]
[BlackElo "2640"]
[WhiteTeam "Marseille Migraines"]
[BlackTeam "London Towers"]
[WhiteFideId "36083534"]
[BlackFideId "409561"]
[EventDate "2018.01.18"]

1. e4 c5 2. Nc3 a6 3. Nge2 g6 4. g3 Bg7 5. d4 cxd4 6. Nxd4 Nc6 7. Be3 Nf6 8. Bg2
Ng4 9. Qxg4 Nxd4 10. Qd1 Nc6 11. O-O b5 12. Qd2 b4 13. Nd5 Rb8 14. Bh6 O-O 15.
Bxg7 Kxg7 16. c3 a5 17. f4 Ba6 18. Rf2 e6 19. Ne3 Qb6 20. Rd1 Qc5 21. c4 Rbd8
22. b3 d6 23. f5 Ne5 24. Kh1 Bb7 25. Rf4 exf5 26. exf5 Bxg2+ 27. Kxg2 f6 28. Nd5
g5 29. Re4 h6 30. Qe3 Rfe8 31. Re1 Qxe3 32. R1xe3 Rc8 33. Re1 Rc6 34. Rd1 Rb8
35. Ne7 Rc7 36. Nd5 Ra7 37. Ne3 Ra6 38. Red4 Nf7 39. Nd5 Ra7 40. R1d2 Re8 41.
Kf2 h5 42. h3 Ne5 43. Ne3 Nf7 44. Nd5 Re5 45. Ne3 Rae7 46. R4d3 Nh6 47. Nd5
Rxf5+ 48. Kg2 Re4 49. Ne3 Rfe5 50. Kf2 Kg6 51. Ng2 Nf5 52. Rd5 h4 53. g4 Ng3 54.
Rxe5 Rxe5 55. Rxd6 Ne4+ 0-1

[Event "PRO League Group Stage"]
[Site "chess.com INT"]
[Date "2018.03.07"]
[Round "9"]
[White "Harvey, Marcus R"]
[Black "Borisek, Jure"]
[Result "1-0"]
[WhiteTitle "FM"]
[BlackTitle "GM"]
[WhiteElo "2349"]
[BlackElo "2576"]
[WhiteTeam "London Lions"]
[BlackTeam "Ljubljana Turtles"]
[WhiteFideId "400092"]
[BlackFideId "14603152"]
[EventDate "2018.01.18"]

1. e4 e5 2. Nf3 Nc6 3. d4 exd4 4. Bc4 Bc5 5. O-O Nf6 6. e5 d5 7. exf6 dxc4 8.
Re1+ Be6 9. fxg7 Rg8 10. Bg5 Qd5 11. Nc3 Qd7 12. Ne4 Be7 13. Nf6+ Bxf6 14. Bxf6
Qd5 15. Nxd4 Nxd4 16. Qxd4 Qxd4 17. Bxd4 O-O-O 18. Bf6 Rd2 19. Rad1 Rxc2 20.
Rxe6 fxe6 21. g4 c3 22. bxc3 Rxg7 23. Rd8# 1-0

[Event "PRO League Group Stage"]
[Site "chess.com INT"]
[Date "2018.03.07"]
[Round "9"]
[White "Harvey, Marcus R"]
[Black "Skuhala, Jernej"]
[Result "1/2-1/2"]
[WhiteTitle "FM"]
[BlackTitle "FM"]
[WhiteElo "2349"]
[BlackElo "2294"]
[WhiteTeam "London Lions"]
[BlackTeam "Ljubljana Turtles"]
[WhiteFideId "400092"]
[BlackFideId "14605651"]
[EventDate "2018.01.18"]

1. Nf3 Nf6 2. b3 d5 3. Bb2 e6 4. e3 c5 5. c4 Nc6 6. cxd5 exd5 7. Be2 Be7 8. O-O
O-O 9. d4 cxd4 10. Nxd4 Ne5 11. Nf3 Ng6 12. Nc3 b6 13. Rc1 Bb7 14. Nb5 Ne4 15.
Ba3 Bxa3 16. Nxa3 Rc8 17. Qd4 Ne7 18. Qb2 Nf5 19. Nb5 a6 20. Rxc8 Qxc8 21. Rc1
Qd8 22. Nbd4 Nh4 23. Nxh4 Qxh4 24. Bf3 Ng5 25. Rc7 Ba8 26. Qc3 Nxf3+ 27. Nxf3
Qe4 28. Nd2 Qf5 29. h3 h6 30. Qc2 Qe6 31. Nf3 d4 32. Nxd4 Qd5 33. Nf3 Qe6 34.
Qc4 Qf5 35. Nd4 Qe4 36. Nc6 Qb1+ 37. Kh2 Bxc6 38. Rxc6 Qxa2 39. Rxb6 Qxf2 40.
Qf4 Qe2 41. Rb7 Qd3 42. b4 Qd5 43. Rb8 Rxb8 44. Qxb8+ Kh7 45. Qf4 f5 46. h4 Kg6
47. Qg3+ Kf6 48. Kg1 g5 49. hxg5+ hxg5 50. Qc7 Qe5 51. Qb6+ Qe6 52. Qd4+ Kg6 53.
Kf2 Kh5 54. Qh8+ Kg6 55. Qd4 Qa2+ 56. Kg3 Qe6 1/2-1/2

[Event "PRO League Group Stage"]
[Site "chess.com INT"]
[Date "2018.03.07"]
[Round "9"]
[White "Grigoryan, Karen H."]
[Black "Karavade, Eesha"]
[Result "1/2-1/2"]
[WhiteTitle "GM"]
[BlackTitle "IM"]
[WhiteElo "2581"]
[BlackElo "2386"]
[WhiteTeam "Armenia Eagles"]
[BlackTeam "Mumbai Movers"]
[WhiteFideId "13301004"]
[BlackFideId "5012600"]
[EventDate "2018.01.18"]

1. Nf3 d5 2. g3 g6 3. c4 dxc4 4. Qa4+ Nc6 5. Qxc4 Bg7 6. Bg2 Nf6 7. O-O O-O 8.
d4 Be6 9. Qa4 Nd5 10. e3 Nb6 11. Qd1 Bc4 12. Re1 e5 13. Nbd2 exd4 14. Nxc4 Nxc4
15. Qc2 Nd6 16. exd4 Nxd4 17. Nxd4 Bxd4 18. Bh6 Bg7 19. Bxg7 Kxg7 20. Qc3+ Qf6
21. Qxc7 Rac8 22. Qe7 b6 23. Qxa7 Rc2 24. Qxb6 Rxb2 25. Qe3 Re8 26. Qf3 Rxe1+
27. Rxe1 Rxa2 28. Qxf6+ Kxf6 29. h4 h5 30. Rd1 Ke7 31. Re1+ Kf6 32. Rd1 Ke7 33.
Re1+ Kf6 34. Rd1 Ke7 35. Re1+ 1/2-1/2

[Event "PRO League Group Stage"]
[Site "chess.com INT"]
[Date "2018.03.07"]
[Round "9"]
[White "Grigoryan, Karen H."]
[Black "Swapnil, S. Dhopade"]
[Result "1-0"]
[WhiteTitle "GM"]
[BlackTitle "GM"]
[WhiteElo "2581"]
[BlackElo "2533"]
[WhiteTeam "Armenia Eagles"]
[BlackTeam "Mumbai Movers"]
[WhiteFideId "13301004"]
[BlackFideId "5019184"]
[EventDate "2018.01.18"]

1. e4 c6 2. d3 d5 3. Nd2 e5 4. Ngf3 Bd6 5. g3 Nf6 6. Bg2 O-O 7. O-O Bg4 8. h3
Bh5 9. exd5 cxd5 10. g4 Bg6 11. Nh4 Nc6 12. Nxg6 hxg6 13. Nb3 d4 14. c3 dxc3 15.
bxc3 Qd7 16. Be3 Rfd8 17. d4 exd4 18. cxd4 Bb4 19. Nc5 Qe7 20. Qb3 Rac8 21. Nxb7
Nxd4 22. Qd1 Rd7 23. Bxd4 Bc3 24. Rc1 Rxd4 25. Rxc3 Rxd1 26. Rxc8+ Kh7 27. Rxd1
Qe2 28. Rf1 Qxa2 29. Rc7 g5 30. Nd6 a5 31. Nxf7 a4 32. Nxg5+ Kg6 33. f4 a3 34.
Ne6 Qb2 35. Rxg7+ Kh6 36. g5+ Kh5 37. gxf6 Qxf6 38. f5 a2 39. Rg6 a1=Q 40. Nf4+
Kh4 41. Rg4# 1-0

[Event "PRO League Group Stage"]
[Site "chess.com INT"]
[Date "2018.03.07"]
[Round "9"]
[White "Margvelashvili, Giorgi"]
[Black "Bai, Jinshi"]
[Result "1/2-1/2"]
[WhiteTitle "GM"]
[BlackTitle "GM"]
[WhiteElo "2530"]
[BlackElo "2571"]
[WhiteTeam "Seattle Sluggers"]
[BlackTeam "Chengdu Pandas"]
[WhiteFideId "13602926"]
[BlackFideId "8602280"]
[EventDate "2018.01.18"]

1. Nf3 Nf6 2. c4 g6 3. Nc3 d5 4. cxd5 Nxd5 5. e4 Nxc3 6. dxc3 Qxd1+ 7. Kxd1 f6
8. Kc2 e5 9. Be3 Be6 10. Nd2 Nd7 11. Bc4 Kf7 12. Rhd1 b6 13. b4 Bd6 14. Bxe6+
Kxe6 15. Nc4 Be7 16. a4 Rhd8 17. Rd5 c6 18. Rd2 Nf8 19. Rxd8 Bxd8 20. g3 Nd7 21.
Rd1 Be7 22. f4 Rd8 23. fxe5 fxe5 24. Rf1 Rc8 25. Kb3 Rf8 26. Rxf8 Bxf8 27. Nd2
Nf6 28. h3 Nd7 29. Nf3 Nf6 30. Nd2 Nd7 31. Nf3 Nf6 32. Nd2 Nd7 1/2-1/2

[Event "PRO League Group Stage"]
[Site "chess.com INT"]
[Date "2018.03.07"]
[Round "9"]
[White "Margvelashvili, Giorgi"]
[Black "Xu, Xiangyu"]
[Result "0-1"]
[WhiteTitle "GM"]
[BlackTitle "GM"]
[WhiteElo "2530"]
[BlackElo "2545"]
[WhiteTeam "Seattle Sluggers"]
[BlackTeam "Chengdu Pandas"]
[WhiteFideId "13602926"]
[BlackFideId "8608288"]
[EventDate "2018.01.18"]

1. d4 d6 2. c4 g6 3. e4 Bg7 4. Nc3 Nc6 5. Nge2 e5 6. Be3 f5 7. exf5 Bxf5 8. d5
Nce7 9. Ng3 Nf6 10. Bd3 O-O 11. O-O Qd7 12. Bg5 Bxd3 13. Qxd3 Nf5 14. Nge4 Nh5
15. Ne2 h6 16. Bd2 Nh4 17. f3 Nf4 18. Nxf4 exf4 19. g3 fxg3 20. hxg3 Nf5 21. Kg2
Rae8 22. Rae1 b6 23. b3 Qf7 24. Rh1 g5 25. Rhf1 Re7 26. Nf2 Rfe8 27. Rxe7 Rxe7
28. Re1 Rxe1 29. Bxe1 h5 30. Ne4 Be5 31. Bd2 Qg6 32. Qe2 h4 33. g4 h3+ 34. Kg1
Nd4 35. Qe3 Kf8 36. Nxg5 Qb1+ 37. Be1 Nc2 38. Ne6+ Ke8 39. Qe4 Qxe1+ 40. Qxe1
Nxe1 41. f4 Nf3+ 42. Kf2 h2 43. Kg2 Bd4 44. Nxc7+ Kd7 45. Ne6 Bg1 46. g5 Nh4+
47. Kh1 Nf5 0-1

[Event "PRO League Group Stage"]
[Site "chess.com INT"]
[Date "2018.03.07"]
[Round "9"]
[White "Flores Rios, Mauricio"]
[Black "Postny, Evgeny"]
[Result "1/2-1/2"]
[WhiteTitle "GM"]
[BlackTitle "GM"]
[WhiteElo "2529"]
[BlackElo "2579"]
[WhiteTeam "Minnesota Blizzard"]
[BlackTeam "Montclair Sopranos"]
[WhiteFideId "3408027"]
[BlackFideId "2804344"]
[EventDate "2018.01.18"]

1. d4 d5 2. c4 c6 3. Nf3 Nf6 4. Qb3 e6 5. g3 Be7 6. Bg2 O-O 7. O-O Nbd7 8. Nc3
Nb6 9. c5 Nbd7 10. Qa4 e5 11. dxe5 Nxc5 12. exf6 Nxa4 13. fxe7 Qxe7 14. Nxa4
Qxe2 15. Be3 Qb5 16. b3 Bg4 17. Nd4 Qa5 18. Rfc1 Rfe8 19. h3 Bd7 20. Nc5 Rxe3
21. fxe3 Qc7 22. Kf2 Re8 23. Rc3 Bc8 24. b4 Qe7 25. Re1 h5 26. Nd3 h4 27. g4 Qd6
28. Nf3 d4 29. exd4 Rxe1 30. Kxe1 Qe6+ 31. Kf1 Qxa2 32. Nxh4 Qa1+ 33. Rc1 Qxd4
34. Rd1 Be6 35. Nf3 Qc3 36. Kg1 Bb3 37. Rd2 Bd5 38. Rd1 Be4 39. Nde5 f6 40. Rd8+
Kh7 41. Ng5+ 1/2-1/2